| 000 | 00760nam a2200181Ia 4500 | ||
|---|---|---|---|
| 003 | GCL | ||
| 008 | 140319s9999 xx 000 0 ara d | ||
| 040 |
_aGCL / _cGCL |
||
| 082 | 0 | 4 |
_a451.07 _bد ا |
| 100 | 1 | _aدار الشمال للطباعة والنشر والتوزيع | |
| 245 | 1 | 0 |
_aاكتب وتكلم الايطالية بسهولة : _bSCRIVERE E E PARLARE L,ITALIANO CON FACILITA / _cدار الشمال للطباعة والنشر والتوزيع |
| 250 | _aالثانية | ||
| 260 |
_aبيروت : _bدار الشمال للطباعة والنشر والتوزيع ، _c1999 |
||
| 300 |
_a303 ص ؛ _c24 سم |
||
| 650 | 0 | 4 | _aاللغة الايطالية |
| 650 | 0 | 4 | _aاللغة الايطالية - تعليم وتدريس |
| 942 |
_2ddc _cBK |
||
| 999 |
_c522 _d522 |
||